Microsoft excel for windows 95 step by step with CD (Record no. 299687)

000 -LEADER
fixed length control field 00276 a2200109 4500
001 - CONTROL NUMBER
control field 64614
082 ## - DEWEY DECIMAL CLASSIFICATION NUMBER
Classification number 005.369 CAT
090 ## - LOCALLY ASSIGNED LC-TYPE CALL NUMBER (OCLC); LOCAL CALL NUMBER (RLIN)
-- 38213
-- 38213
100 ## - MAIN ENTRY--PERSONAL NAME
Personal name Catapult
245 ## - TITLE STATEMENT
Title Microsoft excel for windows 95 step by step with CD
260 ## - PUBLICATION, DISTRIBUTION, ETC.
Place of publication, distribution, etc. Washington
Name of publisher, distributor, etc. Microsoft Press
942 ## - ADDED ENTRY ELEMENTS (KOHA)
Institution code [OBSOLETE] NUST-CAE
Call number prefix 005.369 CAT
Holdings
Withdrawn status Lost status Damaged status Not for loan Collection code Permanent Location Current Location Date acquired Total Checkouts Full call number Barcode Date last seen Price effective from Koha item type
          College of Aeronautical Engineering (CAE) College of Aeronautical Engineering (CAE) 04/03/2017   005.369 CAT CAEG-5138 04/05/2017 04/05/2017 Book
© 2023 Central Library, National University of Sciences and Technology. All Rights Reserved.